| 000 | 00711nam a22002057a 4500 | ||
|---|---|---|---|
| 999 |
_c18439 _d18439 |
||
| 003 | AR-CdUCM | ||
| 008 | 190514b ||||| |||| 00| 0 spa d | ||
| 040 |
_aMUNICIPALIDAD PROVINCIAL DEL CUSCO _cBIBLIOTECA MUNICIPAL DEL CUSCO |
||
| 082 |
_a306.7 / _bB42 |
||
| 100 |
_aBenjamin, C. M. _939034 |
||
| 245 | _aEl sexo antes del matrimonio / | ||
| 260 |
_aNew York : _c1968. |
||
| 300 |
_a144 páginas ; _bIlustraciones, _c20 cm. |
||
| 505 | _aContenido: Adiós a la castidad -- Huérfanos eróticos -- La desilusión de la juventud -- Diversión sin responsabilidad... | ||
| 650 |
_aSexo _92351 |
||
| 650 |
_aCastidad _939035 |
||
| 650 |
_aErotismo _917122 |
||
| 942 |
_2ddc _cLIBROS |
||
| 945 |
_adavv _d2019-05-14 |
||